Destinations From DEL - Statistics

General Stats
  • This quiz has been taken 6 times
  • The average score is 44 of 149
Answer Stats
Answer % Correct
Abu Dhabi
60%
Ahmedabad
60%
Amritsar
60%
Amsterdam
60%
Baghdad
60%
Bengaluru
60%
Bhopal
60%
Cairo
60%
Chicago
60%
Dubai
60%
Hanoi
60%
Ho Chi Minh City
60%
Hyderabad
60%
Kolkata
60%
London
60%
Moscow
60%
New York (JFK)
60%
New York (Newark-Liberty)
60%
Rome
60%
San Francisco
60%
Seoul
60%
Sydney
60%
Tehran
60%
Tokyo (Haneda)
60%
Tokyo (Narita)
60%
Toronto
60%
Addis Ababa
40%
Aizawl
40%
Bangkok
40%
Bhubaneswar
40%
Bishkek
40%
Chennai
40%
Colombo
40%
Copenhagen
40%
Dhaka
40%
Doha
40%
Frankfurt
40%
Helsinki
40%
Hong Kong
40%
Istanbul
40%
Jaipur
40%
Jodhpur
40%
Kathmandu
40%
Kochi
40%
Kuala Lumpur
40%
Lucknow
40%
Male
40%
Melbourne
40%
Milan
40%
Montreal
40%
Mumbai
40%
Munich
40%
Muscat
40%
Nairobi
40%
Paris
40%
Phuket
40%
Pune
40%
Riyadh
40%
Singapore
40%
Srinagar
40%
Tashkent
40%
Tel Aviv
40%
Vancouver
40%
Varanasi
40%
Warsaw
40%
Yangon
40%
Zurich
40%
Agartala
20%
Allahabad
20%
Almaty
20%
Ashgabat
20%
Aurangabad
20%
Ayodhya
20%
Bagdogra
20%
Bahrain
20%
Bareilly
20%
Basra
20%
Bikaner
20%
Chandigarh
20%
Coimbatore
20%
Dammam
20%
Da Nang
20%
Denpasar
20%
Dushanbe
20%
Gaya
20%
Gorakhpur
20%
Guwahati
20%
Gwalior
20%
Hubbali
20%
Imphal
20%
Indore
20%
Jaisalmer
20%
Jammu
20%
Jeddah
20%
Kabul
20%
Kanpur
20%
Kozhikode
20%
Kuwait City
20%
Leh
20%
Madurai
20%
Mangaluru
20%
Mauritius
20%
Minsk
20%
Nagpur
20%
North Goa
20%
Paro
20%
Patna
20%
Phnom Penh
20%
Port Blair
20%
Raipur
20%
Rajkot
20%
Ranchi
20%
Sharjah
20%
Shimla
20%
Shirdi
20%
Shymkent
20%
Surat
20%
Thiruvananthapuram
20%
Udaipur
20%
Vadodara
20%
Vasco Da Gama
20%
Vienna
20%
Vijayawada
20%
Visakhapatnam
20%
Washington DC
20%
Al Najaf
0%
Andal
0%
Baku
0%
Bathinda
0%
Belgaum
0%
Birmingham
0%
Darbhanga
0%
Dehra Dun
0%
Deoghar
0%
Dharamsala
0%
Dibrugarh
0%
Dimapur
0%
Gangtok
0%
Itanagar
0%
Jabalpur
0%
Jharsuguda
0%
Kandla
0%
Khajuraho
0%
Kulu
0%
Kushinagar
0%
Pantnagar
0%
Phu Quoc
0%
Tbilisi
0%
Umroi
0%
No matching quizzes found
Score Distribution
Percent of People with Each Score
Percentile by Number Answered
Your Score History
You have not taken this quiz